000 00635nam a2200265Ia 4500
003 OSt
005 20221007100606.0
006 a|||||r|||| 00| 0
007 ta
008 221006b |||||||| |||| 00| 0 eng d
024 _a4,697
037 _cTextual
040 _aLCO
_cLCO
_beng
041 _2eng
_aeng
082 _aZ3,181, M2
100 _aSMITH K
_9701882
245 0 _aCompany law
250 _a4
260 _aLondon
_bPitman
_c1982
300 _a506
650 _aCOMPANY LAW
700 _a KEENAN D
_9701883
942 _hZ3,181, M2
_cTEXL
999 _c1174260
_d1174260